Movies Quiz

Random Movies or Clickable Quiz
Score 0/50 Timer 09:00
0 Plays Today
% Correct
The Social Network
79.4%
Black Swan
77.4%
Inception
77.3%
Toy Story 3
72.7%
The 40 Year Old Virgin
69.9%
Shutter Island
68.7%
Brokeback Mountain
68.1%
Batman Begins
66.5%
Gladiator
64.6%
Back to the Future
64%
Apollo 13
61.2%
Braveheart
58.7%
Meet the Parents
58.4%
The Breakfast Club
58%
V for Vendetta
57.2%
X-Men
57%
Home Alone
56.9%
Almost Famous
55.8%
Crouching Tiger, Hidden Dragon
55.1%
The Sound of Music
54.9%
Pretty Woman
53.8%
The Empire Strikes Back
53.5%
Seven
52.6%
Capote
51.8%
Edward Scissorhands
50.5%
% Correct
Goodfellas
50.4%
Doctor Zhivago
49.9%
Jaws
49.8%
Ghost
49.6%
Airplane!
48.7%
The Blues Brothers
48.2%
The Goonies
46.8%
One Flew Over the Cuckoo's Nest
46.6%
M*A*S*H
43.4%
The Color Purple
42.7%
Leaving Las Vegas
41.5%
For a Few Dollars More
41.3%
Raging Bull
39.7%
Monty Python and the Holy Grail
39.6%
The Shining
39.6%
The Rocky Horror Picture Show
39.2%
Patton
38.8%
Heat
38.7%
Help!
38%
Thunderball
36.8%
Dog Day Afternoon
36%
Out of Africa
33.6%
Woodstock
33%
The Aristocats
30%
Five Easy Pieces
29.3%
Remove Ads.
Support Sporcle.
Get the best of Sporcle when you Go Orange. This ad-free experience offers more features, more stats, and more fun while also helping to support Sporcle. Thank you for becoming a member.

You're not logged in!

Compare scores with friends on all Sporcle quizzes.
OR
Log In

Show Comments

Extras

Top Quizzes Today


Score Distribution

Your Account Isn't Verified!

In order to create a playlist on Sporcle, you need to verify the email address you used during registration. Go to your Sporcle Settings to finish the process.

Report this User

Report this user for behavior that violates our Community Guidelines.

Details: